000 00753nam a2200253 i 4500
001 C2-0300432
003 PPAK
005 20180728081941.0
008 091105s2007 my |||| ||||| | may d
020 _a9789833604043
040 _aPPAK
_beng
_cPPAK
_erda
082 0 4 _a303.69
_223
090 0 0 _a303.69
_bAHM
_dG
100 0 _aAhmadi Haji Baharudin,
_eauthor
245 1 0 _aMenjadi survivor dalam dunia penuh cabaran
264 1 _aKuala Lumpur :
_bPTS Millennia ,
_c2007
300 _axii, 276 pages ;
_c23 cm
336 _2rdacontent
_atext
337 _2rdamedia
_aunmediated
338 _2rdacarrier
_avolume
650 1 0 _aMalaysia - Moral conditions. ; Islam and social problems.
700 0 _aKhairunisaa Harun,
_eeditor
942 _ddc
_cB
999 _c104319
_d104319